000 00719nam a2200193 i 4500
001 99111
003 ES-MaACL
005 20230906182436.0
007 t|
008 050902s1961 zzz ||||1| spa d
080 _a338:63(462.11 Valdeburón)
100 1 _aMartín Galindo, José Luis.
_977499
245 1 0 _aArcaismo y modernidad en la explotación agraria de Valdeburón (León) /
_cpor José Luis Martín Galindo.
260 _a[Valladolid :
_bInstituto Juan Sebastián Elcano],
_c1961.
300 _a28 h. :
_bil. ;
_c25 cm.
595 _aTirada aparte de: Estudios geográficos, v. 22, n. 83, 1961, p. 167-222.
650 4 _aExplotaciones agrícolas-
_zLeón (Provincia)
_9152012
852 _aES-MaACL
_jC- 28067
999 _c99111
_d99111